Biblioteca y Centro de Documentación

Declaración final de la Reunión de Presidentes y Secretarios Generales de los Consejos Económicos y Sociales e Instituciones Similares de los Estados Miembros y del Comité Económico y Social Europeo (Registro nro. 50782)

Detalles MARC
000 -CABECERA
Longitud fija campo de control 01833nam a2200373 c 4500
001 - NÚMERO DE CONTROL
Número de control 50782
003 - IDENTIFICADOR DE NÚMERO DE CONTROL
Identificador del número de control ES-MaCES
005 - FECHA Y HORA DE LA ÚLTIMA TRANSACCIÓN
Fecha y hora de la última transacción 20180717123040.0
007 - PHYSICAL DESCRIPTION FIXED FIELD--GENERAL INFORMAT
Campo fijo de descripción física cr |||||||||||
008 - CAMPO FIJO DE DESCRIPCIÓN FIJA--INFORMACIÓN GENERAL
Códigos de información de longitud fija   180612s2006 sp r o100 | spa d
040 ## - FUENTE DE CATALOGACIÓN
Centro catalogador de origen ES-MaCES
Lengua de catalogación spa
Centro transcriptor ES-MaCES
111 2# - ENCABEZAMIENTO PRINCIPAL--NOMBRE DE REUNIÓN
9 (RLIN) 39146
Nombre de congreso o jurisdicción como elemento de entrada Reunión Anual de Presidentes y Secretarios Generales de los Consejos Económicos y Sociales e Instituciones Similares de los Estados miembros y del Comité Económico y Social Europeo
Fecha del congreso 2006
Sede del congreso Lisboa
245 10 - MENCIÓN DE TÍTULO
Título Declaración final de la Reunión de Presidentes y Secretarios Generales de los Consejos Económicos y Sociales e Instituciones Similares de los Estados Miembros y del Comité Económico y Social Europeo
Medio Recurso electrónico
Resto del título : (Lisboa, 23 y 24 de noviembre de 2006)
Mención de responsabilidad, etc. Consejo Económico y Social España
260 ## - PUBLICACIÓN, DISTRIBUCIÓN, ETC (PIE DE IMPRENTA)
Lugar de publicación, distribución, etc. [Madrid
Nombre del editor, distribuidor, etc. Consejo Económico y Social]
Fecha de publicación, distribución, etc. 2006
300 ## - DESCRIPCIÓN FÍSICA
Extensión 1 documento pdf (33,16 kb)
490 1# - MENCIÓN DE SERIE
Mención de serie Colección Documentos
Designación de volumen o secuencia [2006]
541 ## - NOTA DE LA FUENTE INMEDIANTE DE ADQUISICIÓN
Forma de adquisición Gratuito
650 #4 - ASIENTO SECUNDARIO DE MATERIA--TÉRMINO DE MATERIA
Término de materia o nombre geográfico como elemento inicial integración social
9 (RLIN) 27283
650 #4 - ASIENTO SECUNDARIO DE MATERIA--TÉRMINO DE MATERIA
Término de materia o nombre geográfico como elemento inicial cohesión social
9 (RLIN) 30743
650 #4 - ASIENTO SECUNDARIO DE MATERIA--TÉRMINO DE MATERIA
Término de materia o nombre geográfico como elemento inicial identidad cultural
9 (RLIN) 29870
650 #4 - ASIENTO SECUNDARIO DE MATERIA--TÉRMINO DE MATERIA
Término de materia o nombre geográfico como elemento inicial derechos económicos y sociales
9 (RLIN) 29875
650 #4 - ASIENTO SECUNDARIO DE MATERIA--TÉRMINO DE MATERIA
Término de materia o nombre geográfico como elemento inicial política migratoria
9 (RLIN) 29183
650 #4 - ASIENTO SECUNDARIO DE MATERIA--TÉRMINO DE MATERIA
Término de materia o nombre geográfico como elemento inicial política comunitaria
9 (RLIN) 30776
650 #4 - ASIENTO SECUNDARIO DE MATERIA--TÉRMINO DE MATERIA
Término de materia o nombre geográfico como elemento inicial Consejos Económicos y Sociales
9 (RLIN) 30859
650 #4 - ASIENTO SECUNDARIO DE MATERIA--TÉRMINO DE MATERIA
Término de materia o nombre geográfico como elemento inicial papel social
9 (RLIN) 27285
650 #4 - ASIENTO SECUNDARIO DE MATERIA--TÉRMINO DE MATERIA
9 (RLIN) 27013
Término de materia o nombre geográfico como elemento inicial conferencia
653 10 - TÉRMINO DE INDEXACIÓN--NO CONTROLADO
Término no controlado Administración-Instituciones públicas
710 2# - ENCABEZAMIENTO SECUNDARIO--NOMBRE CORPORATIVO
9 (RLIN) 2408
Nombre de entidad o nombre de jurisdicción como elemento inicial Consejo Económico y Social (España)
787 0# - ENTRADA DE OTRAS ESPECIFICACIONES
Título Cumbre Euromediterránea de Consejos Económicos y Sociales e Instituciones Similares
Número de control del registro relacionado (ES-MaCES)24825
830 #0 - ENCABEZAMIENTO SECUNDARIO DE COLECCIÓN--TÍTULO UNIFORME
Título uniforme Colección Documentos (Consejo Económico y Social (España))
9 (RLIN) 32523
Designación de volumen o secuencia [2006]
856 4# - ACCESO ELECTRÓNICO
Identificador Uniforme del Recurso (URI) http://www.ces.es/documents/DOT/2006/01
Texto del enlace texto completo
902 ## - CES. TIPO DE DOCUMENTO
Tipodoc (006$c Sirtex) ELE PUB. ELECTRONICA
942 ## - ELEMENTOS KOHA
Fuente de clasificaión o esquema Clasificación propia del CES
Koha [por defecto] tipo de item Monografías
Parte de clasificación Administración e Instituciones Públicas

No hay ítems disponibles.

© CES, Consejo Económico y Social de España 2021